书目信息 |
| 题名: |
爱我,永远别说对不起
|
|
| 作者: | 安心 著 | |
| 分册: | ||
| 出版信息: | 北京 中国妇女出版社 2010.05 |
|
| 页数: | 244页 | |
| 开本: | 23cm | |
| 丛书名: | ||
| 单 册: | ||
| 中图分类: | I247.57 | |
| 科图分类: | ||
| 主题词: | 长篇小说 , 长篇小说--中国--现代 | |
| 电子资源: | ||
| ISBN: | 978-7-80203-927-8 | |
| 000 | 00711nam0 2200253 450 | |
| 001 | 1157034956 | |
| 005 | 20111208155110.28 | |
| 010 | @a978-7-80203-927-8@dCNY25.00 | |
| 090 | @aI247.57@bax | |
| 096 | @aI247.57@bax | |
| 100 | @a20100623d2010 em y0chiy50 ea | |
| 101 | 0 | @achi |
| 102 | @aCN@b110000 | |
| 105 | @ay z 000ay | |
| 200 | 1 | @a爱我,永远别说对不起@9ai wo,yong yuan bie shuo dui bu qi@b专著@f安心著 |
| 210 | @a北京@c中国妇女出版社@d2010.05 | |
| 215 | @a244页@d23cm | |
| 300 | @a红书坊 蔷薇之夏系列 | |
| 606 | 0 | @a长篇小说 |
| 606 | 0 | @a长篇小说@y中国@z现代 |
| 690 | @aI247.57@v4 | |
| 701 | 0 | @a安心@f(1986~)@9an xin@4著 |
| 801 | 0 | @aCN@b110019@c20100517 |
| 905 | @aZUCC@dI247.57@eA703 | |
| 爱我,永远别说对不起/安心著.-北京:中国妇女出版社,2010.05 |
| 244页;23cm |
| 红书坊 蔷薇之夏系列 |
| ISBN 978-7-80203-927-8:CNY25.00 |
| ● |
| 相关链接 |
|
|
|
正题名:爱我,永远别说对不起
索取号:I247.57/A703
 
预约/预借
| 序号 | 登录号 | 条形码 | 馆藏地/架位号 | 状态 | 备注 |
| 1 | 842893 | 208428931 | 文学库108/108文学库 46排3列4层/ [索取号:I247.57/A703] | 在馆 | |
| 2 | 842894 | 208428940 | 社科二线400B/400B社科库 15排4列2层/ [索取号:I247.57/A703] | 在馆 |